| 000 | 00574nam a2200205Ia 4500 | ||
|---|---|---|---|
| 005 | 20250923144636.0 | ||
| 008 | 008 250917s9999 xx 000 0 eng d | ||
| 037 | _aTextual | ||
| 040 |
_aDSWL _beng _cDSWL |
||
| 041 |
_aeng _2eng |
||
| 084 |
_aSI:86, J7 _qDSWL |
||
| 100 |
_aGerard, M.W. _9826922 |
||
| 245 | 0 |
_aEmotionally disturbed child _cby M.W. Gerard |
|
| 260 |
_aNew York _bChild Welfare Legue of America _c1957 |
||
| 300 | _a168p. | ||
| 365 |
_aUSD _b2.25 |
||
| 925 | _g2.25 | ||
| 942 |
_cTEXL _hSI:86, J7 |
||
| 999 |
_c1441544 _d1441544 |
||